000 00576nam a2200181Ia 4500
003 GCL
008 140319s9999 xx 000 0 ara d
040 _aGCL /
_cGCL
082 0 4 _a370.193
_bم ع
100 1 _aمعتز الصابونى
245 1 0 _aعلم الاجتماع التربوى /
_cمعتز الصابونى
250 _aالاولى
260 _aالاردن :
_bدار اسامة للنشر والتوزيع ،
_c2006
300 _a176 ص ؛
_c24 سم
650 0 4 _aالتعليم
650 0 4 _aالاجتماع التربوى - علم
942 _2ddc
_cBK
999 _c10163
_d10163